| 000 | 01416cam a2200409 i 4500 | ||
|---|---|---|---|
| 999 |
_c522744 _d522744 |
||
| 001 | 19508081 | ||
| 003 | NUST | ||
| 005 | 20190108054212.0 | ||
| 008 | 170221s2017 pk b 001 0 eng | ||
| 010 | _a 2017336077 | ||
| 020 | _a9780199404568 | ||
| 025 | _aP-E-2017336077; 33 | ||
| 037 | _bLibrary of Congress -- Islamabad Overseas Office | ||
| 038 | _aMuhammad Ibrahim | ||
| 040 |
_aDLC _beng _cDLC _erda |
||
| 042 |
_alcode _apcc |
||
| 043 | _aa-pk--- | ||
| 050 | 0 | 0 |
_aU264.5.P18 _bS25 2017 |
| 082 |
_a355.0217095491 _bSAL 2017 |
||
| 100 | 1 |
_aSalik, Naeem, _eauthor. _913002 |
|
| 245 | 1 | 0 |
_aLearning to live with the bomb : _bPakistan, 1998-2016 / _cNaeem Salik. |
| 250 | _aFirst edition. | ||
| 264 | 1 |
_aKarachi : _bOxford University Press, _c2017. |
|
| 300 |
_axxii, 328 pages ; _c23 cm |
||
| 336 |
_atext _btxt _2rdacontent |
||
| 337 |
_aunmediated _bn _2rdamedia |
||
| 338 |
_avolume _bnc _2rdacarrier |
||
| 504 | _aIncludes bibliographical references (pages 306-321) and index. | ||
| 650 | 0 |
_aNuclear weapons _zPakistan. _912988 |
|
| 650 | 0 |
_aCommand and control systems _zPakistan. _913003 |
|
| 650 | 0 |
_aNuclear weapons _xGovernment policy _zPakistan. _912989 |
|
| 650 | 0 |
_aNational security _zPakistan. _91620 |
|
| 651 | 0 |
_aPakistan _xMilitary policy. _92426 |
|
| 906 |
_a7 _bcbc _corigode _d3 _encip _f20 _gy-gencatlg |
||
| 942 |
_2ddc _cBK |
||